000 00419nam a2200181Ia 4500
003 OSt
005 20230516134203.0
008 210210b1914 xxu||||| |||| 00| 0 eng d
040 _cAL
041 _aLatin
082 _a430/11
100 _aCICERONIS (M Tulli)
_9105224
245 _aDe imperio gnaei pompei
260 _aLondon
_bMacmillan & Co. Ltd.
_c1914
300 _a82
906 _a006153
942 _2ddc
_cBK
999 _c128245
_d128245